000
00300nam a2200109 4500
999
_c
9726
_d
9726
008
180716b ||||| |||| 00| 0 eng d
245
_a
Wagdos keeps 5k gold, karatekas haul 11 golds.
260
_a
Davao City
_b
Sun Star Davao
_c
c2016
300
_a
page 18.
650
0
_9
28902
_a
Sports.
942
_2
ddc
_c
PER